[Event "DEM U10w 2023"]
[Site "Willingen GER"]
[Date "2023.05.30"]
[Round "5"]
[White "Kryvak, Mariia"]
[Black "Englert, Ann"]
[Result "1/2-1/2"]
[Termination "normal"]
[Board "9"]
[WhiteElo "1083"]
[BlackElo "1328"]
[WhiteClock "01:18:05"]
[BlackClock "00:57:58"]
[PlyCount "59"]
[WhiteFideId "34164413"]
[BlackFideId "34606181"]
[EventCountry "GER"]
[EventRounds "11"]
[EventType "swiss"]
[EventDate "2023.05.27"]

1. e4 {[%clk 01:15:59]} c5 {[%clk 01:15:54]} {[%emt 00:00:07]} 2. Nf3 {[%clk
01:16:22]} {[%emt 00:00:07]} Nc6 {[%clk 01:16:15]} {[%emt 00:00:08]} 3. d4
{[%clk 01:16:45]} {[%emt 00:00:08]} cxd4 {[%clk 01:16:34]} {[%emt 00:00:10]} 4.
Nxd4 {[%clk 01:17:10]} {[%emt 00:00:06]} Nf6 {[%clk 01:16:49]} {[%emt
00:00:14]} 5. Nxc6 {[%clk 01:17:29]} {[%emt 00:00:11]} bxc6 {[%clk 01:17:08]}
{[%emt 00:00:10]} 6. Nc3 {[%clk 01:17:54]} {[%emt 00:00:07]} g6 {[%clk
01:17:24]} {[%emt 00:00:12]} 7. Qd4 {[%clk 01:18:03]} {[%emt 00:00:22]} d6
{[%clk 01:16:07]} {[%emt 00:01:47]} 8. Qc4 {[%clk 01:18:03]} {[%emt 00:00:30]}
Bd7 {[%clk 01:15:58]} {[%emt 00:00:40]} 9. Bd3 {[%clk 01:18:22]} {[%emt
00:00:11]} Bg7 {[%clk 01:16:02]} {[%emt 00:00:25]} 10. O-O {[%clk 01:18:46]}
{[%emt 00:00:07]} O-O {[%clk 01:15:56]} {[%emt 00:00:36]} 11. Be3 {[%clk
01:18:31]} {[%emt 00:00:44]} Qc7 {[%clk 01:15:36]} {[%emt 00:00:49]} 12. Bg5
{[%clk 01:18:13]} {[%emt 00:00:50]} Be6 {[%clk 01:15:34]} {[%emt 00:00:32]} 13.
Qd4 {[%clk 01:18:23]} {[%emt 00:00:20]} Nd7 {[%clk 01:14:54]} {[%emt 00:01:10]}
14. Qe3 {[%clk 01:18:41]} {[%emt 00:00:12]} Ne5 {[%clk 01:15:11]} {[%emt
00:00:12]} 15. Be2 {[%clk 01:18:31]} {[%emt 00:00:41]} c5 {[%clk 01:14:42]}
{[%emt 00:00:59]} 16. Nd5 {[%clk 01:18:50]} {[%emt 00:00:11]} Bxd5 {[%clk
01:14:48]} {[%emt 00:00:24]} 17. exd5 {[%clk 01:19:13]} {[%emt 00:00:07]} f6
{[%clk 01:14:46]} {[%emt 00:00:31]} 18. Bh6 {[%clk 01:19:32]} {[%emt 00:00:11]}
Qb7 {[%clk 01:14:21]} {[%emt 00:00:56]} 19. Bxg7 {[%clk 01:19:39]} {[%emt
00:00:23]} Kxg7 {[%clk 01:14:41]} {[%emt 00:00:09]} 20. b3 {[%clk 01:19:12]}
{[%emt 00:00:58]} Rac8 {[%clk 01:14:23]} {[%emt 00:00:47]} 21. c4 {[%clk
01:19:34]} {[%emt 00:00:09]} Rb8 {[%clk 01:12:10]} {[%emt 00:02:43]} 22. h3
{[%clk 01:19:21]} {[%emt 00:00:43]} Qb4 {[%clk 01:11:35]} {[%emt 00:01:05]} 23.
Qe4 {[%clk 01:19:01]} {[%emt 00:00:50]} Nf7 {[%clk 01:10:51]} {[%emt 00:01:13]}
24. Bf3 {[%clk 01:19:08]} {[%emt 00:00:23]} Ne5 {[%clk 01:11:01]} {[%emt
00:00:21]} 25. Be2 {[%clk 01:19:17]} {[%emt 00:00:21]} Rfe8 {[%clk 01:08:35]}
{[%emt 00:02:55]} 26. Qc2 {[%clk 01:18:59]} {[%emt 00:00:48]} Rb7 {[%clk
01:05:38]} {[%emt 00:03:28]} 27. Rab1 {[%clk 01:18:47]} {[%emt 00:00:42]} Reb8
{[%clk 01:00:55]} {[%emt 00:05:12]} 28. Rb2 {[%clk 01:18:43]} {[%emt 00:00:34]}
Qb6 {[%clk 00:58:31]} {[%emt 00:02:54]} 29. Rfb1 {[%clk 01:18:41]} {[%emt
00:00:32]} Qc7 {[%clk 00:57:58]} {[%emt 00:01:03]} 30. Kh1 {[%clk 01:18:05]}
{[%emt 00:01:07]} 1/2-1/2

[Event "DEM U10w 2023"]
[Site "Willingen GER"]
[Date "2023.05.30"]
[Round "5"]
[White "Nönnig, Lotte"]
[Black "Hendler, Felicitas"]
[Result "1-0"]
[Termination "normal"]
[Board "10"]
[WhiteElo "1341"]
[BlackElo "1049"]
[WhiteClock "00:43:15"]
[BlackClock "00:41:58"]
[PlyCount "103"]
[WhiteFideId "34611509"]
[BlackFideId "34616519"]
[EventCountry "GER"]
[EventRounds "11"]
[EventType "swiss"]
[EventDate "2023.05.27"]

1. e4 {[%clk 01:15:59]} c5 {[%clk 01:15:52]} {[%emt 00:00:08]} 2. Nf3 {[%clk
01:16:20]} {[%emt 00:00:09]} d6 {[%clk 01:16:15]} {[%emt 00:00:07]} 3. d4
{[%clk 01:16:40]} {[%emt 00:00:10]} cxd4 {[%clk 01:16:35]} {[%emt 00:00:09]} 4.
Nxd4 {[%clk 01:17:04]} {[%emt 00:00:06]} Nf6 {[%clk 01:16:58]} {[%emt
00:00:07]} 5. Nc3 {[%clk 01:17:24]} {[%emt 00:00:09]} g6 {[%clk 01:17:18]}
{[%emt 00:00:11]} 6. Be3 {[%clk 01:17:33]} {[%emt 00:00:21]} Bg7 {[%clk
01:17:40]} {[%emt 00:00:09]} 7. f3 {[%clk 01:17:44]} {[%emt 00:00:20]} O-O
{[%clk 01:17:58]} {[%emt 00:00:11]} 8. Qd2 {[%clk 01:18:03]} {[%emt 00:00:10]}
Nc6 {[%clk 01:18:18]} {[%emt 00:00:11]} 9. Bc4 {[%clk 01:18:00]} {[%emt
00:00:32]} Bd7 {[%clk 01:18:33]} {[%emt 00:00:15]} 10. O-O-O {[%clk 01:18:20]}
{[%emt 00:00:10]} Rc8 {[%clk 01:18:42]} {[%emt 00:00:22]} 11. Bb3 {[%clk
01:18:43]} {[%emt 00:00:07]} Re8 {[%clk 01:17:30]} {[%emt 00:01:42]} 12. g4
{[%clk 01:18:05]} {[%emt 00:01:07]} Ne5 {[%clk 01:13:06]} {[%emt 00:04:55]} 13.
h4 {[%clk 01:17:34]} {[%emt 00:01:01]} Nc4 {[%clk 01:10:43]} {[%emt 00:02:53]}
14. Bxc4 {[%clk 01:17:53]} {[%emt 00:00:11]} Rxc4 {[%clk 01:11:00]} {[%emt
00:00:12]} 15. h5 {[%clk 01:17:34]} {[%emt 00:00:49]} Qa5 {[%clk 01:07:30]}
{[%emt 00:04:01]} 16. Nb3 {[%clk 01:16:48]} {[%emt 00:01:16]} Qa6 {[%clk
01:07:26]} {[%emt 00:00:34]} 17. hxg6 {[%clk 01:16:27]} {[%emt 00:00:52]} fxg6
{[%clk 01:07:33]} {[%emt 00:00:23]} 18. Bh6 {[%clk 01:15:27]} {[%emt 00:01:28]}
Bh8 {[%clk 01:07:23]} {[%emt 00:00:41]} 19. e5 {[%clk 01:13:34]} {[%emt
00:02:23]} dxe5 {[%clk 01:06:21]} {[%emt 00:01:32]} 20. g5 {[%clk 01:13:42]}
{[%emt 00:00:22]} Bc6 {[%clk 00:57:52]} {[%emt 00:08:59]} 21. gxf6 {[%clk
01:12:01]} {[%emt 00:02:11]} Bxf3 {[%clk 00:57:10]} {[%emt 00:01:11]} 22. Qd7
{[%clk 01:11:29]} {[%emt 00:01:01]} Rcc8 {[%clk 00:53:59]} {[%emt 00:03:42]}
23. Rhf1 {[%clk 01:10:28]} {[%emt 00:01:31]} Qxf6 {[%clk 00:52:21]} {[%emt
00:02:08]} 24. Rd3 {[%clk 01:08:14]} {[%emt 00:02:45]} Bg7 {[%clk 00:52:01]}
{[%emt 00:00:50]} 25. Rdxf3 {[%clk 01:07:18]} {[%emt 00:01:25]} Bxh6+ {[%clk
00:52:08]} {[%emt 00:00:24]} 26. Kb1 {[%clk 01:07:32]} {[%emt 00:00:17]} Qd6
{[%clk 00:51:22]} {[%emt 00:01:15]} 27. Qxb7 {[%clk 01:06:25]} {[%emt
00:01:36]} Rc7 {[%clk 00:51:21]} {[%emt 00:00:32]} 28. Qe4 {[%clk 01:04:58]}
{[%emt 00:01:50]} Rd8 {[%clk 00:51:07]} {[%emt 00:00:51]} 29. Rf7 {[%clk
01:02:25]} {[%emt 00:03:00]} Rcd7 {[%clk 00:48:26]} {[%emt 00:03:14]} 30. a3
{[%clk 01:01:45]} {[%emt 00:01:10]} e6 {[%clk 00:46:53]} {[%emt 00:02:03]} 31.
Qf3 {[%clk 01:00:15]} {[%emt 00:01:57]} Rf8 {[%clk 00:45:19]} {[%emt 00:02:07]}
32. Rxf8+ {[%clk 00:58:42]} {[%emt 00:02:03]} Qxf8 {[%clk 00:45:16]} {[%emt
00:00:33]} 33. Qh3 {[%clk 00:57:50]} {[%emt 00:01:21]} Bf4 {[%clk 00:44:35]}
{[%emt 00:01:12]} 34. Qxe6+ {[%clk 00:56:28]} {[%emt 00:01:51]} Qf7 {[%clk
00:44:38]} {[%emt 00:00:28]} 35. Qxf7+ {[%clk 00:53:31]} {[%emt 00:03:26]} Rxf7
{[%clk 00:44:57]} {[%emt 00:00:12]} 36. Nd5 {[%clk 00:53:27]} {[%emt 00:00:35]}
g5 {[%clk 00:44:42]} {[%emt 00:00:44]} 37. Rg1 {[%clk 00:51:26]} {[%emt
00:02:30]} h6 {[%clk 00:44:57]} {[%emt 00:00:16]} 38. Rh1 {[%clk 00:50:43]}
{[%emt 00:01:10]} Kg7 {[%clk 00:45:18]} {[%emt 00:00:12]} 39. c4 {[%clk
00:50:15]} {[%emt 00:00:59]} e4 {[%clk 00:45:27]} {[%emt 00:00:21]} 40. Kc2
{[%clk 00:49:00]} {[%emt 00:01:44]} Rf8 {[%clk 00:45:36]} {[%emt 00:00:21]} 41.
Rg1 {[%clk 00:47:39]} {[%emt 00:01:50]} Kh7 {[%clk 00:45:18]} {[%emt 00:00:48]}
42. Nd4 {[%clk 00:45:40]} {[%emt 00:02:30]} Rc8 {[%clk 00:40:36]} {[%emt
00:05:12]} 43. Kc3 {[%clk 00:44:40]} {[%emt 00:01:30]} e3 {[%clk 00:39:45]}
{[%emt 00:01:21]} 44. Re1 {[%clk 00:44:04]} {[%emt 00:01:06]} Re8 {[%clk
00:40:00]} {[%emt 00:00:16]} 45. Nf6+ {[%clk 00:44:13]} {[%emt 00:00:20]} Kg7
{[%clk 00:40:15]} {[%emt 00:00:15]} 46. Nxe8+ {[%clk 00:44:32]} {[%emt
00:00:11]} Kg6 {[%clk 00:40:30]} {[%emt 00:00:15]} 47. c5 {[%clk 00:43:43]}
{[%emt 00:01:19]} g4 {[%clk 00:40:50]} {[%emt 00:00:10]} 48. c6 {[%clk
00:42:42]} {[%emt 00:01:32]} g3 {[%clk 00:41:04]} {[%emt 00:00:15]} 49. c7
{[%clk 00:42:25]} {[%emt 00:00:47]} Bxc7 {[%clk 00:41:23]} {[%emt 00:00:11]}
50. Nxc7 {[%clk 00:42:45]} {[%emt 00:00:10]} g2 {[%clk 00:41:43]} {[%emt
00:00:10]} 51. Rg1 {[%clk 00:42:59]} {[%emt 00:00:16]} e2 {[%clk 00:41:58]}
{[%emt 00:00:15]} 52. Rxg2+ {[%clk 00:43:15]} {[%emt 00:00:14]} 1-0

[Event "DEM U10w 2023"]
[Site "Willingen GER"]
[Date "2023.05.30"]
[Round "5"]
[White "Guruprasad, Aditi"]
[Black "Birkenheier, Larissa"]
[Result "1/2-1/2"]
[Termination "normal"]
[Board "11"]
[WhiteElo "893"]
[BlackElo "1210"]
[WhiteClock "00:36:11"]
[BlackClock "00:47:18"]
[PlyCount "43"]
[BlackFideId "34626379"]
[EventCountry "GER"]
[EventRounds "11"]
[EventType "swiss"]
[EventDate "2023.05.27"]

1. e4 {[%clk 01:15:57]} {[%emt 00:00:01]} e5 {[%clk 01:15:53]} {[%emt
00:00:08]} 2. Nf3 {[%clk 01:16:23]} {[%emt 00:00:05]} Nc6 {[%clk 01:16:13]}
{[%emt 00:00:09]} 3. Bc4 {[%clk 01:16:45]} {[%emt 00:00:07]} Bc5 {[%clk
01:16:20]} {[%emt 00:00:24]} 4. d3 {[%clk 01:16:01]} {[%emt 00:01:14]} h6
{[%clk 01:15:26]} {[%emt 00:01:24]} 5. c3 {[%clk 01:13:59]} {[%emt 00:02:32]}
Nf6 {[%clk 01:12:30]} {[%emt 00:03:25]} 6. h3 {[%clk 01:12:15]} {[%emt
00:02:15]} O-O {[%clk 01:11:20]} {[%emt 00:01:39]} 7. O-O {[%clk 01:09:06]}
{[%emt 00:03:40]} d6 {[%clk 01:09:08]} {[%emt 00:02:42]} 8. b4 {[%clk
01:07:19]} {[%emt 00:02:17]} Bb6 {[%clk 01:08:35]} {[%emt 00:01:03]} 9. a4
{[%clk 01:05:19]} {[%emt 00:02:30]} a5 {[%clk 01:07:29]} {[%emt 00:01:36]} 10.
b5 {[%clk 01:01:53]} {[%emt 00:03:56]} Ne7 {[%clk 01:05:13]} {[%emt 00:02:45]}
11. Re1 {[%clk 00:56:59]} {[%emt 00:05:24]} c6 {[%clk 01:00:58]} {[%emt
00:04:45]} 12. Na3 {[%clk 00:53:16]} {[%emt 00:04:14]} Ng6 {[%clk 00:58:05]}
{[%emt 00:03:22]} 13. bxc6 {[%clk 00:50:19]} {[%emt 00:03:27]} bxc6 {[%clk
00:58:04]} {[%emt 00:00:31]} 14. Be3 {[%clk 00:48:38]} {[%emt 00:02:11]} Re8
{[%clk 00:53:58]} {[%emt 00:04:37]} 15. Bxb6 {[%clk 00:41:09]} {[%emt
00:07:59]} Qxb6 {[%clk 00:53:30]} {[%emt 00:00:57]} 16. Rb1 {[%clk 00:41:01]}
{[%emt 00:00:39]} Qc7 {[%clk 00:52:54]} {[%emt 00:01:05]} 17. Re2 {[%clk
00:39:41]} {[%emt 00:01:50]} Rb8 {[%clk 00:48:48]} {[%emt 00:04:36]} 18. Reb2
{[%clk 00:38:53]} {[%emt 00:01:19]} Be6 {[%clk 00:46:18]} {[%emt 00:02:59]} 19.
Rxb8 {[%clk 00:36:59]} {[%emt 00:02:25]} Rxb8 {[%clk 00:46:37]} {[%emt
00:00:11]} 20. Rxb8+ {[%clk 00:36:35]} {[%emt 00:00:54]} Qxb8 {[%clk 00:46:58]}
{[%emt 00:00:08]} 21. Bxe6 {[%clk 00:36:11]} {[%emt 00:00:54]} fxe6 {[%clk
00:47:18]} {[%emt 00:00:10]} 22. d4 {[%emt 00:04:46]} 1/2-1/2

[Event "DEM U10w 2023"]
[Site "Willingen GER"]
[Date "2023.05.30"]
[Round "5"]
[White "Klymenko, Mariia"]
[Black "Berger, Jennifer"]
[Result "0-1"]
[Termination "normal"]
[Board "12"]
[WhiteElo "1039"]
[BlackElo "1137"]
[WhiteClock "00:20:03"]
[BlackClock "00:51:54"]
[PlyCount "26"]
[WhiteFideId "34620621"]
[BlackFideId "34630074"]
[EventCountry "GER"]
[EventRounds "11"]
[EventType "swiss"]
[EventDate "2023.05.27"]

1. e4 {[%clk 01:15:58]} {[%emt 00:00:01]} e5 {[%clk 01:15:45]} {[%emt
00:00:15]} 2. f4 {[%clk 01:16:22]} {[%emt 00:00:06]} Nc6 {[%clk 01:13:27]}
{[%emt 00:02:48]} 3. Bc4 {[%clk 01:16:18]} {[%emt 00:00:34]} Nf6 {[%clk
01:07:35]} {[%emt 00:07:49]} 4. Nc3 Bc5 {[%clk 01:02:19]} {[%emt 00:09:39]} 5.
Bb3 {[%clk 00:58:16]} {[%emt 00:06:13]} Nd4 {[%clk 01:02:19]} 6. fxe5 {[%clk
00:58:16]} Ng8 {[%clk 01:02:17]} {[%emt 00:09:01]} 7. Nf3 {[%clk 00:53:48]}
{[%emt 00:04:57]} d6 {[%clk 01:00:33]} {[%emt 00:02:14]} 8. Ng5 {[%clk
00:43:51]} {[%emt 00:10:24]} Qxg5 {[%clk 00:58:32]} {[%emt 00:02:35]} 9. Ba4+
{[%clk 00:33:00]} {[%emt 00:11:21]} c6 {[%clk 00:56:04]} {[%emt 00:02:58]} 10.
O-O {[%clk 00:20:58]} {[%emt 00:12:31]} Ne2+ {[%clk 00:51:21]} {[%emt
00:05:12]} 11. Kh1 {[%clk 00:20:38]} {[%emt 00:00:33]} Ng3+ {[%clk 00:51:30]}
{[%emt 00:00:29]} 12. hxg3 {[%clk 00:20:48]} {[%emt 00:00:29]} Qh6+ {[%clk
00:51:55]} {[%emt 00:00:04]} 13. Qh5 {[%clk 00:20:03]} {[%emt 00:01:15]} Qxh5#
{[%clk 00:51:54]} {[%emt 00:00:03]} 0-1

[Event "DEM U10w 2023"]
[Site "Willingen GER"]
[Date "2023.05.30"]
[Round "5"]
[White "Börner, Martha"]
[Black "Bayer, Klara"]
[Result "0-1"]
[Termination "normal"]
[Board "13"]
[WhiteElo "1086"]
[BlackElo "1043"]
[WhiteClock "01:19:11"]
[BlackClock "01:21:44"]
[PlyCount "150"]
[WhiteFideId "34665382"]
[BlackFideId "34658955"]
[EventCountry "GER"]
[EventRounds "11"]
[EventType "swiss"]
[EventDate "2023.05.27"]

1. e4 {[%clk 01:15:57]} {[%emt 00:00:04]} c5 {[%clk 01:15:49]} {[%emt
00:00:10]} 2. Nf3 {[%clk 01:16:19]} {[%emt 00:00:08]} d6 {[%clk 01:16:03]}
{[%emt 00:00:16]} 3. Bb5+ {[%clk 01:15:56]} {[%emt 00:00:54]} Nd7 {[%clk
01:16:16]} {[%emt 00:00:16]} 4. Nc3 {[%clk 01:15:54]} {[%emt 00:00:32]} Ngf6
{[%clk 01:16:19]} {[%emt 00:00:27]} 5. O-O {[%clk 01:15:30]} {[%emt 00:00:55]}
e6 {[%clk 01:16:27]} {[%emt 00:00:21]} 6. Re1 {[%clk 01:15:21]} {[%emt
00:00:39]} Be7 {[%clk 01:16:39]} {[%emt 00:00:18]} 7. e5 {[%clk 01:15:08]}
{[%emt 00:00:43]} dxe5 {[%clk 01:14:39]} {[%emt 00:02:30]} 8. Nxe5 {[%clk
01:14:54]} {[%emt 00:00:41]} O-O {[%clk 01:14:18]} {[%emt 00:00:54]} 9. Bxd7
{[%clk 01:14:52]} {[%emt 00:00:32]} Nxd7 {[%clk 01:14:34]} {[%emt 00:00:13]}
10. d4 {[%clk 01:14:07]} {[%emt 00:01:16]} cxd4 {[%clk 01:14:45]} {[%emt
00:00:20]} 11. Qxd4 {[%clk 01:14:12]} {[%emt 00:00:25]} Nxe5 {[%clk 01:14:45]}
{[%emt 00:00:30]} 12. Qxe5 {[%clk 01:14:10]} {[%emt 00:00:32]} Bf6 {[%clk
01:13:58]} {[%emt 00:01:17]} 13. Qg3 {[%clk 01:14:06]} {[%emt 00:00:33]} Bh4
{[%clk 01:13:16]} {[%emt 00:01:11]} 14. Qf3 {[%clk 01:13:08]} {[%emt 00:01:28]}
Qf6 {[%clk 01:13:06]} {[%emt 00:00:40]} 15. Qxf6 {[%clk 01:12:35]} {[%emt
00:01:04]} Bxf6 {[%clk 01:13:23]} {[%emt 00:00:13]} 16. Bf4 {[%clk 01:12:47]}
{[%emt 00:00:18]} b6 {[%clk 01:13:01]} {[%emt 00:00:52]} 17. Rab1 {[%clk
01:11:56]} {[%emt 00:01:21]} Bb7 {[%clk 01:12:58]} {[%emt 00:00:33]} 18. Re3
{[%clk 01:10:54]} {[%emt 00:01:31]} Rac8 {[%clk 01:12:55]} {[%emt 00:00:34]}
19. Rg3 {[%clk 01:10:29]} {[%emt 00:00:53]} Rfd8 {[%clk 01:12:49]} {[%emt
00:00:38]} 20. Bh6 {[%clk 01:09:42]} {[%emt 00:01:18]} Kh8 {[%clk 01:12:11]}
{[%emt 00:01:08]} 21. Bg5 {[%clk 01:09:32]} {[%emt 00:00:40]} Be5 {[%clk
01:10:55]} {[%emt 00:01:46]} 22. Bxd8 {[%clk 01:08:50]} {[%emt 00:01:13]} Bxg3
{[%clk 01:11:12]} {[%emt 00:00:12]} 23. Bxb6 {[%clk 01:08:58]} {[%emt
00:00:22]} Bxh2+ {[%clk 01:10:53]} {[%emt 00:00:49]} 24. Kxh2 {[%clk 01:09:18]}
{[%emt 00:00:10]} axb6 {[%clk 01:11:10]} {[%emt 00:00:13]} 25. Nb5 {[%clk
01:09:20]} {[%emt 00:00:28]} Rxc2 {[%clk 01:10:49]} {[%emt 00:00:52]} 26. Nd6
{[%clk 01:09:34]} {[%emt 00:00:15]} Rc7 {[%clk 01:10:28]} {[%emt 00:00:50]} 27.
Nxb7 {[%clk 01:09:00]} {[%emt 00:01:05]} Rxb7 {[%clk 01:10:46]} {[%emt
00:00:12]} 28. a4 {[%clk 01:09:21]} {[%emt 00:00:10]} Rc7 {[%clk 01:10:51]}
{[%emt 00:00:24]} 29. b4 {[%clk 01:09:30]} {[%emt 00:00:21]} g6 {[%clk
01:10:18]} {[%emt 00:01:03]} 30. a5 {[%clk 01:09:46]} {[%emt 00:00:14]} bxa5
{[%clk 01:10:37]} {[%emt 00:00:11]} 31. bxa5 {[%clk 01:10:04]} {[%emt
00:00:13]} Ra7 {[%clk 01:10:49]} {[%emt 00:00:18]} 32. Ra1 {[%clk 01:10:24]}
{[%emt 00:00:09]} Kg7 {[%clk 01:10:57]} {[%emt 00:00:21]} 33. a6 {[%clk
01:10:46]} {[%emt 00:00:09]} Kf6 {[%emt 00:00:30]} 34. Ra5 {[%clk 01:10:52]}
Ke7 {[%clk 01:11:33]} {[%emt 00:00:17]} 35. f4 {[%clk 01:11:15]} {[%emt
00:00:07]} Kd6 {[%clk 01:11:52]} {[%emt 00:00:12]} 36. g4 {[%clk 01:11:36]}
{[%emt 00:00:08]} Kc6 {[%clk 01:12:05]} {[%emt 00:00:17]} 37. Ra4 {[%clk
01:10:45]} {[%emt 00:01:22]} Kb5 {[%clk 01:12:16]} {[%emt 00:00:17]} 38. Rd4
{[%clk 01:11:02]} {[%emt 00:00:12]} Kxa6 {[%clk 01:12:29]} {[%emt 00:00:19]}
39. Rd6+ {[%clk 01:11:11]} {[%emt 00:00:21]} Kb5 {[%clk 01:12:34]} {[%emt
00:00:25]} 40. Kh3 {[%clk 01:11:28]} {[%emt 00:00:13]} Kc5 {[%clk 01:12:44]}
{[%emt 00:00:20]} 41. Rd8 {[%clk 01:11:49]} {[%emt 00:00:09]} Kc6 {[%clk
01:12:49]} {[%emt 00:00:25]} 42. Rh8 {[%clk 01:12:04]} {[%emt 00:00:13]} f6
{[%clk 01:12:46]} {[%emt 00:00:34]} 43. Rf8 {[%clk 01:12:08]} {[%emt 00:00:26]}
f5 {[%clk 01:12:10]} {[%emt 00:01:06]} 44. g5 {[%clk 01:12:26]} {[%emt
00:00:12]} Ra4 {[%clk 01:12:21]} {[%emt 00:00:19]} 45. Kg3 {[%clk 01:12:22]}
{[%emt 00:00:33]} Kd5 {[%clk 01:12:30]} {[%emt 00:00:20]} 46. Kf3 {[%clk
01:12:35]} {[%emt 00:00:17]} Ra3+ {[%clk 01:12:47]} {[%emt 00:00:15]} 47. Ke2
{[%clk 01:12:14]} {[%emt 00:00:51]} Ke4 {[%clk 01:13:06]} {[%emt 00:00:11]} 48.
Rd8 {[%clk 01:12:32]} {[%emt 00:00:13]} Ra2+ {[%clk 01:13:23]} {[%emt
00:00:13]} 49. Rd2 {[%clk 01:12:07]} {[%emt 00:00:56]} Rxd2+ {[%clk 01:13:41]}
{[%emt 00:00:11]} 50. Kxd2 {[%emt 00:00:09]} Kxf4 {[%emt 00:00:07]} 51. Ke2
{[%clk 01:12:11]} {[%emt 00:00:10]} Kxg5 {[%clk 01:14:04]} {[%emt 00:00:07]}
52. Kf3 {[%clk 01:12:32]} {[%emt 00:00:09]} e5 {[%clk 01:14:28]} {[%emt
00:00:07]} 53. Kf2 {[%clk 01:12:45]} {[%emt 00:00:17]} Kf4 {[%clk 01:14:44]}
{[%emt 00:00:13]} 54. Ke2 {[%clk 01:13:07]} {[%emt 00:00:09]} Kg3 {[%clk
01:14:58]} {[%emt 00:00:16]} 55. Kf1 {[%clk 01:13:19]} {[%emt 00:00:18]} f4
{[%clk 01:15:18]} {[%emt 00:00:10]} 56. Kg1 {[%clk 01:13:36]} {[%emt 00:00:13]}
f3 {[%clk 01:15:30]} {[%emt 00:00:19]} 57. Kf1 {[%clk 01:13:46]} {[%emt
00:00:20]} f2 {[%clk 01:15:49]} {[%emt 00:00:11]} 58. Ke2 {[%clk 01:14:01]}
{[%emt 00:00:14]} Kg2 {[%clk 01:16:10]} {[%emt 00:00:09]} 59. Kd3 {[%clk
01:14:24]} {[%emt 00:00:08]} f1=Q+ {[%clk 01:16:34]} {[%emt 00:00:06]} 60. Ke4
{[%clk 01:14:40]} {[%emt 00:00:13]} Qf4+ {[%clk 01:16:50]} {[%emt 00:00:15]}
61. Kd5 {[%clk 01:15:00]} {[%emt 00:01:07]} e4 {[%clk 01:16:55]} {[%emt
00:00:24]} 62. Kc5 {[%clk 01:15:14]} {[%emt 00:00:16]} Qd2 {[%clk 01:17:00]}
{[%emt 00:00:24]} 63. Kc4 {[%clk 01:15:27]} {[%emt 00:00:17]} Kf3 {[%clk
01:17:17]} {[%emt 00:00:13]} 64. Kc5 {[%clk 01:15:49]} {[%emt 00:00:09]} Qd3
{[%clk 01:17:37]} {[%emt 00:00:10]} 65. Kb4 {[%clk 01:16:06]} {[%emt 00:00:13]}
Qc2 {[%clk 01:18:03]} {[%emt 00:00:04]} 66. Kb5 {[%clk 01:16:19]} {[%emt
00:00:17]} Qc3 {[%clk 01:18:27]} {[%emt 00:00:06]} 67. Kb6 {[%clk 01:16:42]}
{[%emt 00:00:07]} Qc4 {[%clk 01:18:51]} {[%emt 00:00:06]} 68. Kb7 {[%clk
01:16:49]} {[%emt 00:00:23]} Qc5 {[%clk 01:19:16]} {[%emt 00:00:05]} 69. Ka6
{[%clk 01:17:05]} {[%emt 00:00:14]} Qb4 {[%clk 01:19:40]} {[%emt 00:00:05]} 70.
Ka7 {[%clk 01:17:26]} {[%emt 00:00:11]} Qb5 {[%clk 01:20:07]} {[%emt 00:00:02]}
71. Ka8 {[%clk 01:17:43]} {[%emt 00:00:13]} Kf4 {[%clk 01:20:30]} {[%emt
00:00:07]} 72. Ka7 {[%clk 01:18:08]} {[%emt 00:00:04]} Ke5 {[%clk 01:20:56]}
{[%emt 00:00:05]} 73. Ka8 {[%clk 01:18:35]} {[%emt 00:00:03]} Kd6 {[%clk
01:21:21]} {[%emt 00:00:05]} 74. Ka7 {[%clk 01:18:51]} {[%emt 00:00:14]} Kc7
{[%clk 01:21:48]} {[%emt 00:00:04]} 75. Ka8 {[%clk 01:19:11]} {[%emt 00:00:10]}
Qb7# {[%clk 01:21:44]} {[%emt 00:00:02]} 0-1